Highest Grossing Movies (2001) Quiz Stats

 Plays Quiz Updated Aug 14, 2016

Challenge
Share
Tweet
Score 0/30 Timer 08:00
9 Plays Today
% Correct
Shrek
99%
Monsters, Inc.
97.1%
Harry Potter and the Sorcerer's Stone
90.1%
Ocean's Eleven
87.8%
The Fast and the Furious
86.8%
Spy Kids
84.9%
The Lord of the Rings: The Fellowship of the Ring
84%
Jurassic Park III
83.7%
Planet of the Apes
83.1%
The Princess Diaries
79.2%
The Mummy Returns
78.8%
American Pie 2
78.5%
Rush Hour 2
78.1%
Hannibal
77.9%
Legally Blonde
75.7%
% Correct
Lara Croft: Tomb Raider
73.5%
Jimmy Neutron: Boy Genius
70.7%
Black Hawk Down
69.6%
A Beautiful Mind
68.6%
Pearl Harbor
57.8%
Vanilla Sky
53.6%
Training Day
50.3%
Atlantis: The Lost Empire
49.2%
Dr. Dolittle 2
47.9%
Cats & Dogs
42.6%
A.I. Artificial Intelligence
41%
Save the Last Dance
36.3%
The Others
35.9%
Along Came a Spider
20.9%
America's Sweethearts
20.1%

You're not logged in!

Compare scores with friends on all Sporcle quizzes.
OR
Log In

You Might Also Like...

Show Comments

Extras

Top Quizzes Today


Score Distribution

Your Account Isn't Verified!

In order to create a playlist on Sporcle, you need to verify the email address you used during registration. Go to your Sporcle Settings to finish the process.

Report this User

Report this user for behavior that violates our Community Guidelines.

Details: